Imitación de Cristo
Saved in:
| Main Author: | |
|---|---|
| Format: | Book |
| Language: | Spanish |
| Published: |
México :
Porrúa,
1978
|
| Series: | Sepan cuantos ;
v. 30 |
| Subjects: |
| LEADER | 00548nam#a2200217#a#4500 | ||
|---|---|---|---|
| 001 | 004026 | ||
| 005 | 20160721143031.0 | ||
| 008 | 961210s1978####mx##################spa#d | ||
| 040 | |a AR-beUNQ | ||
| 099 | |a 03-K11 | ||
| 100 | 1 | |a Kempis, Tomás de | |
| 245 | 0 | 2 | |a Imitación de Cristo |c Tomás de Kempis. |
| 260 | |a México : |b Porrúa, |c 1978 | ||
| 300 | |a LXVI, 198 p | ||
| 490 | 0 | |a Sepan cuantos ; |v v. 30 | |
| 650 | 7 | |a TEOLOGIA |2 Spines | |
| 650 | 7 | |a CRISTIANISMO |2 Spines | |
| 650 | 7 | |a RELIGION |2 toit | |
| 929 | |j 19994 | ||
| 942 | |c LIB |n 0 | ||
| 999 | |c 6802 |d 82189 | ||